Vincitori Supercoppa di Germania - Statistics

Statistiche generali
  • Questo quiz è stato fatto 79 volte
    54 dall'ultimo reset
  • Il punteggio medio è 23 su 26
Statistiche sulle risposte
Edizione Vincitori % Corretto
1987 Bayern Monaco
100%
1990 Bayern Monaco
100%
2010 Bayern Monaco
100%
2012 Bayern Monaco
100%
2016 Bayern Monaco
100%
2017 Bayern Monaco
100%
2018 Bayern Monaco
100%
2020 Bayern Monaco
100%
2021 Bayern Monaco
100%
2022 Bayern Monaco
100%
2025 Bayern Monaco
100%
1989 Borussia Dortmund
98%
1995 Borussia Dortmund
98%
1996 Borussia Dortmund
98%
2013 Borussia Dortmund
98%
2014 Borussia Dortmund
98%
2019 Borussia Dortmund
98%
2024 Bayer Leverkusen
94%
2023 RB Lipsia
66%
1992 Stoccarda
66%
2011 Schalke 04
64%
2015 Wolfsburg
64%
1988 Werder Brema
62%
1993 Werder Brema
62%
1994 Werder Brema
62%
1991 Kaiserslautern
38%
Nessun quiz corrispondente trovato
Distribuzione punteggi
Percentuale di utenti per punteggio
Percentile per numero di risposta
I tuoi punteggi nel tempo
Non hai fatto questo quiz dall'ultimo reset